000 00304nam a22001337a 4500
008 180809b xxu||||| |||| 00| 0 eng d
020 _a0443076774
041 _aeng
080 _a616.053
100 _a7
101 _aKAR
245 _aPediatric cardiovascular medicine
_cMOLLER.J.H
942 _2udc
_cBK
999 _c46972
_d46972